The sketch book / (Registro nro. 5073)
[ vista simple ]
| 000 -LEADER | |
|---|---|
| fixed length control field | 01245nam a22002657a 4500 |
| 003 - CONTROL NUMBER IDENTIFIER | |
| control field | PE SENCICO BE |
| 005 - DATE AND TIME OF LATEST TRANSACTION | |
| control field | 20251020182711.0 |
| 008 - FIXED-LENGTH DATA ELEMENTS--GENERAL INFORMATION | |
| fixed length control field | 250122b |||||||| |||| 00| 0 eng d |
| 020 ## - INTERNATIONAL STANDARD BOOK NUMBER | |
| International Standard Book Number | 978-84-92463-42-8 |
| 040 ## - CATALOGING SOURCE | |
| Original cataloging agency | PE SENCICO BE |
| Transcribing agency | PE SENCICO BE |
| 041 ## - LANGUAGE CODE | |
| Language code of text/sound track or separate title | spa |
| -- | eng |
| -- | ita |
| -- | por |
| 082 ## - DEWEY DECIMAL CLASSIFICATION NUMBER | |
| Classification number | 720.284 |
| Item number | Z34 |
| 100 1# - MAIN ENTRY--PERSONAL NAME | |
| 9 (RLIN) | 396 |
| Personal name | Zamora Mola, Francesc |
| Relator term | autor |
| 245 1# - TITLE STATEMENT | |
| Title | The sketch book / |
| Statement of responsibility, etc. | Francesc Zamora Mola |
| 250 ## - EDITION STATEMENT | |
| Edition statement | [1a ed.] |
| 260 ## - PUBLICATION, DISTRIBUTION, ETC. | |
| Place of publication, distribution, etc. | Barcelona : |
| Name of publisher, distributor, etc. | Loft Publications ; |
| Date of publication, distribution, etc. | 2010 |
| 300 ## - PHYSICAL DESCRIPTION | |
| Extent | 597 páginas : |
| Other physical details | ilustraciones a color, láminas ; |
| Dimensions | 28 cm. |
| 520 3# - SUMMARY, ETC. | |
| Summary, etc. | Presenta ejemplos que descubren la función de los bosquejos y el empleo que de ellos hacen los arquitectos. El material gráfico propuesto, con frecuencia generado mediante ordenador, es bidimensional o tridimensional y ayuda a reflexionar sobre algunos proyectos determinados. Es importante tener en cuenta que la evolución de los bocetos afecta a la forma de entender los proyectos a la vez que favorece su comprensión. |
| 650 10 - SUBJECT ADDED ENTRY--TOPICAL TERM | |
| 9 (RLIN) | 2866 |
| Topical term or geographic name entry element | Representación arquitectónica |
| 650 20 - SUBJECT ADDED ENTRY--TOPICAL TERM | |
| 9 (RLIN) | 428 |
| Topical term or geographic name entry element | Dibujo arquitectónico |
| 650 20 - SUBJECT ADDED ENTRY--TOPICAL TERM | |
| 9 (RLIN) | 336 |
| Topical term or geographic name entry element | Dibujo técnico |
| 650 20 - SUBJECT ADDED ENTRY--TOPICAL TERM | |
| 9 (RLIN) | 457 |
| Topical term or geographic name entry element | Maquetas (Arquitectura) |
| 910 ## - USER-OPTION DATA (OCLC) | |
| User-option data | hfp |
| -- | hfp |
| -- | hfp |
| 942 ## - ADDED ENTRY ELEMENTS (KOHA) | |
| Source of classification or shelving scheme | Dewey Decimal Classification |
| Koha item type | Libros |
| Fecha de la última vez que lo usaron | Pago total | Signatura topográfica completa | Código de barras | Precio efectivo desde | Tipo de documento | Estado perdido | Sistema de clasificación | Estado dañado | No es para préstamo | Retirado | Ubicación permanente | Ubicación actual | Fecha de adquisición | Fuente de adquisición |
|---|---|---|---|---|---|---|---|---|---|---|---|---|---|---|
| 22/01/2025 | 720.284/Z34 | BibLima25010040 | 22/01/2025 | Libros | Dewey Decimal Classification | Biblioteca Central Lima | Biblioteca Central Lima | 18/11/2024 | Comprado de la librería Megabook |